A course of pure mathematics /
Guardado en:
| Autor Principal: | |
|---|---|
| Formato: | Libro |
| Idioma: | English |
| Publicado: |
Cambridge :
University Press,
1952.
|
| Edición: | 10th ed. |
| Materias: | |
| Etiquetas: |
Agregar Etiqueta
Sin Etiquetas, Sea el primero en etiquetar este registro!
|
| LEADER | 01199nam a2200205 a 4500 | ||
|---|---|---|---|
| 001 | MAT.inmabb003762 | ||
| 008 | 060213s1952####enka#####b####001#0#eng#d | ||
| 005 | 20150702162207.0 | ||
| 245 | 1 | 2 | |a A course of pure mathematics / |c by G. H. Hardy. |
| 250 | |a 10th ed. | ||
| 260 | |a Cambridge : |b University Press, |c 1952. | ||
| 300 | |a xii, 509 p. : |b il. ; |c 23 cm. | ||
| 500 | |a Primera edición publicada en 1908. | ||
| 504 | |a Incluye referencias bibliográficas e índice. | ||
| 505 | 0 | |a 1. Real variables -- 2. Functions of real variables -- 3. Complex numbers -- 4. Limits of functions of a positive integral variable -- 5. Limits of functions of a continuous variable. Continuous and discontinuous functions -- 6. Derivatives and integrals -- 7. Additional theorems in the differential and integral calculus -- 8. The convergence of infinite series and infinite integrals -- 9. The logarithmic, exponential, and circular functions of a real variable -- 10. The general theory of the logarithmic, exponential, and circular functions. | |
| 100 | 1 | |a Hardy, G. H. |q (Godfrey Harold), |d 1877-1947. | |
| 650 | 0 | |a Calculus. | |
| 650 | 0 | |a Functions. | |
| 084 | |a 26-01 |2 msc2000 | ||
| 859 | |h 26 |i H268p |p A-2249 |b BIB. MATEMATICA | ||
